Normal view MARC view
  • Üniversiteler ve yüksekokullar

Entry Topical Term

Number of records used in: 6

001 - CONTROL NUMBER

  • control field: 108291

003 - CONTROL NUMBER IDENTIFIER

  • control field: TR-AnTOB

005 - DATE AND TIME OF LATEST TRANSACTION

  • control field: 20180506000156.0

008 - FIXED-LENGTH DATA ELEMENTS

  • fixed length control field: 161231n|eacannaab| |a aaa

024 ## - OTHER STANDARD IDENTIFIER

  • Source of number or code: uri
  • Standard number or code: http://koha.etu.edu.tr/cgi-bin/koha/opac-authoritiesdetail.pl?authid=108291&marc=1

035 ## - SYSTEM CONTROL NUMBER

  • System control number: (TR-AnTOB)108291

040 ## - CATALOGING SOURCE

  • Original cataloging agency: TR-AnTOB
  • Transcribing agency: TR-AnTOB

053 ## - LC CLASSIFICATION NUMBER

  • Classification number element--single number or beginning number of span: LB2341
  • Classification number element--ending number of span: LB2341.8

150 ## - HEADING--TOPICAL TERM

  • Topical term or geographic name entry element: Üniversiteler ve yüksekokullar
  • General subdivision: Yönetim

360 ## - COMPLEX SEE ALSO REFERENCE--SUBJECT

  • Explanatory text: subdivision
  • Heading referred to: Administration
  • Explanatory text: under names of individual universities and colleges, e.g.
  • Heading referred to: Harvard University--Administration

450 ## - SEE FROM TRACING--TOPICAL TERM

  • Topical term or geographic name entry element: Universities and colleges
  • General subdivision: Administration

672 ## - TITLE RELATED TO THE ENTITY

  • Bibliographic record control number: 200426286

750 ## - ESTABLISHED HEADING LINKING ENTRY--TOPICAL TERM

  • Authority record control number or standard number: (DLC)sh 85141090
  • Source of heading or term: lcsh
  • Topical term or geographic name entry element: Universities and colleges
  • General subdivision: Administration

750 ## - ESTABLISHED HEADING LINKING ENTRY--TOPICAL TERM

  • Authority record control number or standard number: (TR-AnTOB)38013
  • Source of heading or term: etuesh
Devinim Yazılım Eğitim Danışmanlık tarafından Koha'nın orjinal sürümü uyarlanarak geliştirilip kurulmuştur.